000 00702nam a2200217Ia 4500
003 IT-RoPAU
008 120407s9999 xx 000 0 und d
040 _aIT-RoPAU
040 _cIT-RoPAU
041 _aita
100 _aSimeone il Nuovo Teologo
245 _aHimnes. (Testo greco-francese)
250 _aParis
260 _aDu Cerf
260 _c1969
300 _c19,5 cm
490 _v1
600 _a"t. 1° 1-15 301 p. ( Sources C. 156) t. 2° 16-40 499 p. “ 174 t. 3° 41-58 402 p “ 196. "
942 _cBK
999 _c107
_d107